Topics in number theory /
Guardado en:
| Autor Principal: | |
|---|---|
| Formato: | Libro |
| Idioma: | English |
| Publicado: |
Massachusetts :
Addison Wesley,
1956.
|
| Etiquetas: |
Agregar Etiqueta
Sin Etiquetas, Sea el primero en etiquetar este registro!
|
| LEADER | 00430nam a22001455a 4500 | ||
|---|---|---|---|
| 001 | EUN.um012221 | ||
| 003 | AR-BaUNS | ||
| 005 | 20050623122855.0 | ||
| 008 | 041125s1956####xxu###########000#0#eng#d | ||
| 245 | 1 | 0 | |a Topics in number theory / |c William J. Leveque. |
| 260 | |a Massachusetts : |b Addison Wesley, |c 1956. | ||
| 300 | |a 2 v. | ||
| 100 | 1 | |a Leveque, William J. | |
| 082 | 0 | 4 | |a 512.81 |
| 859 | |a Ar-BaUNS |b BIB. CENTRAL - Sector C |h 512.81 |i L576 |p 3213/963 |v 1 | ||
